Globalisasi, perkongsian pintar dan kerajaan

Bibliographic Details
Main Author: Mahathir bin Mohamad
Format: Book
Published: Kuala Lumpur : Utusan publication & distributors sdn bhd , 2003
Subjects:

MARC

LEADER 00000cam a2200000 7i4500
001 0000014083
005 20050503.0
020 |a 9676113646 
040 |a INS 
090 0 0 |a HF1359   |b M2772 2003 
100 1 |a Mahathir bin Mohamad   |f Dato' Seri 
245 1 0 |a Globalisasi, perkongsian pintar dan kerajaan   |c Mahathir bin Mohamad 
260 |a Kuala Lumpur :   |b Utusan publication & distributors sdn bhd ,   |c 2003 
300 |a v :   |b 214p ;   |c 24cm. 
650 0 0 |a Business and politics   |x Malaysia 
650 0 0 |a International economic relations 
650 0 0 |a Malaysia   |x Foreign economic relations 
999 |a 0000013948   |b BOOK   |c Open Shelf   |e Default branch